Fr. Conceicao Rodrigues College of Engineering

Object oriented design with UML payroll requirements document ver 2002.05.00 (Record no. 26853)

MARC details
000 -LEADER
fixed length control field 00354nam a2200145Ia 4500
082 ## - DEWEY DECIMAL CLASSIFICATION NUMBER
Classification number 005.33/RAT
Item number RAT
100 ## - MAIN ENTRY--PERSONAL NAME
Personal name Rational the Software Company
245 ## - TITLE STATEMENT
Title Object oriented design with UML payroll requirements document ver 2002.05.00
260 ## - PUBLICATION, DISTRIBUTION, ETC.
Name of publisher, distributor, etc. #N/A
Date of publication, distribution, etc. 2001
300 ## - PHYSICAL DESCRIPTION
Extent 20
546 ## - LANGUAGE NOTE
Language note ENGLISH
650 ## - SUBJECT ADDED ENTRY--TOPICAL TERM
Topical term or geographic name entry element UML
942 ## - ADDED ENTRY ELEMENTS (KOHA)
Koha item type BOOK
Holdings
Withdrawn status Lost status Damaged status Not for loan Collection Home library Current library Date acquired Total Checkouts Full call number Barcode Date last seen Price effective from Koha item type
        CRC Fr. Agnel's C.Rodrigues College of Engineering Fr. Agnel's C.Rodrigues College of Engineering 17/03/2023   005.33/RAT RAT 19469 17/03/2023   BOOK
        CRC Fr. Agnel's C.Rodrigues College of Engineering Fr. Agnel's C.Rodrigues College of Engineering 17/03/2023   005.33/RAT RAT 19470 17/03/2023   BOOK